<?xml version="1.0" encoding="UTF-8"?>
<record
    xmlns:xsi="http://www.w3.org/2001/XMLSchema-instance"
    xsi:schemaLocation="http://www.loc.gov/MARC21/slim http://www.loc.gov/standards/marcxml/schema/MARC21slim.xsd"
    xmlns="http://www.loc.gov/MARC21/slim">

  <leader>00376nam a22001577a 4500</leader>
  <controlfield tag="003">OSt</controlfield>
  <controlfield tag="005">20240116100418.0</controlfield>
  <controlfield tag="008">190204b        xxu||||| |||| 00| 0 eng d</controlfield>
  <datafield tag="020" ind1=" " ind2=" ">
    <subfield code="a">9789384961961</subfield>
  </datafield>
  <datafield tag="040" ind1=" " ind2=" ">
    <subfield code="c">sero soft</subfield>
  </datafield>
  <datafield tag="100" ind1=" " ind2=" ">
    <subfield code="a">Paranjape,N.P</subfield>
  </datafield>
  <datafield tag="245" ind1=" " ind2=" ">
    <subfield code="a">Criminology Penology Victimology</subfield>
  </datafield>
  <datafield tag="260" ind1=" " ind2=" ">
    <subfield code="a">Allahabad</subfield>
    <subfield code="b">Central Law Pub</subfield>
  </datafield>
  <datafield tag="300" ind1=" " ind2=" ">
    <subfield code="a">1024</subfield>
  </datafield>
  <datafield tag="942" ind1=" " ind2=" ">
    <subfield code="2">ddc</subfield>
    <subfield code="c">02</subfield>
  </datafield>
  <datafield tag="999" ind1=" " ind2=" ">
    <subfield code="c">44679</subfield>
    <subfield code="d">44679</subfield>
  </datafield>
  <datafield tag="952" ind1=" " ind2=" ">
    <subfield code="0">0</subfield>
    <subfield code="1">0</subfield>
    <subfield code="2">ddc</subfield>
    <subfield code="4">0</subfield>
    <subfield code="7">0</subfield>
    <subfield code="a">04</subfield>
    <subfield code="b">04</subfield>
    <subfield code="d">2019-02-04</subfield>
    <subfield code="e">Western Law House Meerut</subfield>
    <subfield code="g">640.00</subfield>
    <subfield code="h">00002074/18-28 Jan 2019</subfield>
    <subfield code="l">2</subfield>
    <subfield code="p">04-B-6584</subfield>
    <subfield code="r">2023-08-01</subfield>
    <subfield code="s">2022-10-19</subfield>
    <subfield code="w">2019-02-04</subfield>
    <subfield code="y">02</subfield>
  </datafield>
  <datafield tag="952" ind1=" " ind2=" ">
    <subfield code="0">0</subfield>
    <subfield code="1">0</subfield>
    <subfield code="2">ddc</subfield>
    <subfield code="4">0</subfield>
    <subfield code="7">0</subfield>
    <subfield code="a">04</subfield>
    <subfield code="b">04</subfield>
    <subfield code="d">2019-02-04</subfield>
    <subfield code="e">Western Law House Meerut</subfield>
    <subfield code="g">640.00</subfield>
    <subfield code="h">00002074/18-28 Jan 2019</subfield>
    <subfield code="l">0</subfield>
    <subfield code="p">04-B-6585</subfield>
    <subfield code="r">2019-02-04</subfield>
    <subfield code="w">2019-02-04</subfield>
    <subfield code="y">02</subfield>
  </datafield>
  <datafield tag="952" ind1=" " ind2=" ">
    <subfield code="0">0</subfield>
    <subfield code="1">0</subfield>
    <subfield code="2">ddc</subfield>
    <subfield code="4">0</subfield>
    <subfield code="7">0</subfield>
    <subfield code="a">04</subfield>
    <subfield code="b">04</subfield>
    <subfield code="d">2019-02-04</subfield>
    <subfield code="e">Western Law House Meerut</subfield>
    <subfield code="g">640.00</subfield>
    <subfield code="h">00002074/18-28 Jan 2019</subfield>
    <subfield code="l">3</subfield>
    <subfield code="m">1</subfield>
    <subfield code="p">04-B-6586</subfield>
    <subfield code="r">2024-02-01</subfield>
    <subfield code="s">2023-10-20</subfield>
    <subfield code="w">2019-02-04</subfield>
    <subfield code="y">02</subfield>
  </datafield>
  <datafield tag="952" ind1=" " ind2=" ">
    <subfield code="0">0</subfield>
    <subfield code="1">0</subfield>
    <subfield code="2">ddc</subfield>
    <subfield code="4">0</subfield>
    <subfield code="7">0</subfield>
    <subfield code="a">04</subfield>
    <subfield code="b">04</subfield>
    <subfield code="d">2019-02-04</subfield>
    <subfield code="e">Western Law House Meerut</subfield>
    <subfield code="g">640.00</subfield>
    <subfield code="h">00002074/18-28 Jan 2019</subfield>
    <subfield code="l">1</subfield>
    <subfield code="p">04-B-6587</subfield>
    <subfield code="r">2022-09-21</subfield>
    <subfield code="s">2022-05-06</subfield>
    <subfield code="w">2019-02-04</subfield>
    <subfield code="y">02</subfield>
  </datafield>
  <datafield tag="952" ind1=" " ind2=" ">
    <subfield code="0">0</subfield>
    <subfield code="1">0</subfield>
    <subfield code="2">ddc</subfield>
    <subfield code="4">0</subfield>
    <subfield code="7">0</subfield>
    <subfield code="a">04</subfield>
    <subfield code="b">04</subfield>
    <subfield code="d">2019-02-04</subfield>
    <subfield code="e">Western Law House Meerut</subfield>
    <subfield code="g">640.00</subfield>
    <subfield code="h">00002074/18-28 Jan 2019</subfield>
    <subfield code="l">1</subfield>
    <subfield code="p">04-B-6588</subfield>
    <subfield code="r">2024-02-19</subfield>
    <subfield code="s">2023-10-25</subfield>
    <subfield code="w">2019-02-04</subfield>
    <subfield code="y">02</subfield>
  </datafield>
  <datafield tag="952" ind1=" " ind2=" ">
    <subfield code="0">0</subfield>
    <subfield code="1">0</subfield>
    <subfield code="2">ddc</subfield>
    <subfield code="4">0</subfield>
    <subfield code="7">0</subfield>
    <subfield code="a">04</subfield>
    <subfield code="b">04</subfield>
    <subfield code="d">2019-02-04</subfield>
    <subfield code="e">Western Law House Meerut</subfield>
    <subfield code="g">640.00</subfield>
    <subfield code="h">00002074/18-28 Jan 2019</subfield>
    <subfield code="l">0</subfield>
    <subfield code="p">04-B-6589</subfield>
    <subfield code="r">2019-02-04</subfield>
    <subfield code="w">2019-02-04</subfield>
    <subfield code="y">02</subfield>
  </datafield>
  <datafield tag="952" ind1=" " ind2=" ">
    <subfield code="0">0</subfield>
    <subfield code="1">0</subfield>
    <subfield code="2">ddc</subfield>
    <subfield code="4">0</subfield>
    <subfield code="7">0</subfield>
    <subfield code="a">04</subfield>
    <subfield code="b">04</subfield>
    <subfield code="d">2019-02-04</subfield>
    <subfield code="e">Western Law House Meerut</subfield>
    <subfield code="g">640.00</subfield>
    <subfield code="h">00002074/18-28 Jan 2019</subfield>
    <subfield code="l">4</subfield>
    <subfield code="p">04-B-6590</subfield>
    <subfield code="r">2022-06-14</subfield>
    <subfield code="s">2022-05-09</subfield>
    <subfield code="w">2019-02-04</subfield>
    <subfield code="y">02</subfield>
  </datafield>
  <datafield tag="952" ind1=" " ind2=" ">
    <subfield code="0">0</subfield>
    <subfield code="1">0</subfield>
    <subfield code="2">ddc</subfield>
    <subfield code="4">0</subfield>
    <subfield code="7">0</subfield>
    <subfield code="a">04</subfield>
    <subfield code="b">04</subfield>
    <subfield code="d">2019-02-04</subfield>
    <subfield code="e">Western Law House Meerut</subfield>
    <subfield code="g">640.00</subfield>
    <subfield code="h">00002074/18-28 Jan 2019</subfield>
    <subfield code="l">2</subfield>
    <subfield code="p">04-B-6591</subfield>
    <subfield code="r">2023-01-24</subfield>
    <subfield code="s">2023-01-09</subfield>
    <subfield code="w">2019-02-04</subfield>
    <subfield code="y">02</subfield>
  </datafield>
  <datafield tag="952" ind1=" " ind2=" ">
    <subfield code="0">0</subfield>
    <subfield code="1">0</subfield>
    <subfield code="2">ddc</subfield>
    <subfield code="4">0</subfield>
    <subfield code="7">0</subfield>
    <subfield code="a">04</subfield>
    <subfield code="b">04</subfield>
    <subfield code="d">2019-02-04</subfield>
    <subfield code="e">Western Law House Meerut</subfield>
    <subfield code="g">640.00</subfield>
    <subfield code="h">00002074/18-28 Jan 2019</subfield>
    <subfield code="l">2</subfield>
    <subfield code="p">04-B-6592</subfield>
    <subfield code="r">2024-02-03</subfield>
    <subfield code="s">2023-10-25</subfield>
    <subfield code="w">2019-02-04</subfield>
    <subfield code="y">02</subfield>
  </datafield>
  <datafield tag="952" ind1=" " ind2=" ">
    <subfield code="0">0</subfield>
    <subfield code="1">0</subfield>
    <subfield code="2">ddc</subfield>
    <subfield code="4">0</subfield>
    <subfield code="7">0</subfield>
    <subfield code="a">04</subfield>
    <subfield code="b">04</subfield>
    <subfield code="d">2019-02-04</subfield>
    <subfield code="e">Western Law House Meerut</subfield>
    <subfield code="g">640.00</subfield>
    <subfield code="h">00002074/18-28 Jan 2019</subfield>
    <subfield code="l">0</subfield>
    <subfield code="p">04-B-6593</subfield>
    <subfield code="r">2019-02-04</subfield>
    <subfield code="w">2019-02-04</subfield>
    <subfield code="y">02</subfield>
  </datafield>
  <datafield tag="952" ind1=" " ind2=" ">
    <subfield code="0">0</subfield>
    <subfield code="1">0</subfield>
    <subfield code="2">ddc</subfield>
    <subfield code="4">0</subfield>
    <subfield code="7">0</subfield>
    <subfield code="a">04</subfield>
    <subfield code="b">04</subfield>
    <subfield code="d">2019-02-04</subfield>
    <subfield code="e">Western Law House Meerut</subfield>
    <subfield code="g">640.00</subfield>
    <subfield code="h">00002074/18-28 Jan 2019</subfield>
    <subfield code="l">0</subfield>
    <subfield code="p">04-B-6594</subfield>
    <subfield code="r">2019-02-04</subfield>
    <subfield code="w">2019-02-04</subfield>
    <subfield code="y">02</subfield>
  </datafield>
  <datafield tag="952" ind1=" " ind2=" ">
    <subfield code="0">0</subfield>
    <subfield code="1">0</subfield>
    <subfield code="2">ddc</subfield>
    <subfield code="4">0</subfield>
    <subfield code="7">0</subfield>
    <subfield code="a">04</subfield>
    <subfield code="b">04</subfield>
    <subfield code="d">2019-02-04</subfield>
    <subfield code="e">Western Law House Meerut</subfield>
    <subfield code="g">640.00</subfield>
    <subfield code="h">00002074/18-28 Jan 2019</subfield>
    <subfield code="l">2</subfield>
    <subfield code="p">04-B-6595</subfield>
    <subfield code="r">2021-10-25</subfield>
    <subfield code="s">2021-10-11</subfield>
    <subfield code="w">2019-02-04</subfield>
    <subfield code="y">02</subfield>
  </datafield>
  <datafield tag="952" ind1=" " ind2=" ">
    <subfield code="0">0</subfield>
    <subfield code="1">0</subfield>
    <subfield code="2">ddc</subfield>
    <subfield code="4">0</subfield>
    <subfield code="7">0</subfield>
    <subfield code="a">04</subfield>
    <subfield code="b">04</subfield>
    <subfield code="d">2019-02-04</subfield>
    <subfield code="e">Western Law House Meerut</subfield>
    <subfield code="g">640.00</subfield>
    <subfield code="h">00002074/18-28 Jan 2019</subfield>
    <subfield code="l">3</subfield>
    <subfield code="p">04-B-6596</subfield>
    <subfield code="r">2024-10-10</subfield>
    <subfield code="s">2024-09-02</subfield>
    <subfield code="w">2019-02-04</subfield>
    <subfield code="y">02</subfield>
  </datafield>
  <datafield tag="952" ind1=" " ind2=" ">
    <subfield code="0">0</subfield>
    <subfield code="1">0</subfield>
    <subfield code="2">ddc</subfield>
    <subfield code="4">0</subfield>
    <subfield code="7">0</subfield>
    <subfield code="a">04</subfield>
    <subfield code="b">01</subfield>
    <subfield code="d">2019-02-04</subfield>
    <subfield code="e">Western Law House Meerut</subfield>
    <subfield code="g">640.00</subfield>
    <subfield code="h">00002074/18-28 Jan 2019</subfield>
    <subfield code="l">1</subfield>
    <subfield code="p">04-B-6597</subfield>
    <subfield code="r">2025-05-16</subfield>
    <subfield code="s">2025-05-10</subfield>
    <subfield code="w">2019-02-04</subfield>
    <subfield code="y">02</subfield>
  </datafield>
  <datafield tag="952" ind1=" " ind2=" ">
    <subfield code="0">0</subfield>
    <subfield code="1">0</subfield>
    <subfield code="2">ddc</subfield>
    <subfield code="4">0</subfield>
    <subfield code="7">0</subfield>
    <subfield code="a">04</subfield>
    <subfield code="b">04</subfield>
    <subfield code="d">2019-02-04</subfield>
    <subfield code="e">Western Law House Meerut</subfield>
    <subfield code="g">640.00</subfield>
    <subfield code="h">00002074/18-28 Jan 2019</subfield>
    <subfield code="l">1</subfield>
    <subfield code="p">04-B-6598</subfield>
    <subfield code="r">2024-02-05</subfield>
    <subfield code="s">2023-10-17</subfield>
    <subfield code="w">2019-02-04</subfield>
    <subfield code="y">02</subfield>
  </datafield>
</record>
